Informe blanco sobre el sistema educativo argentino /
Guardado en:
| Autor Principal: | |
|---|---|
| Otros Autores: | , |
| Formato: | Libro |
| Publicado: |
Buenos Aires :
Fundación Banco de Boston,
1993
|
| Materias: | |
| Etiquetas: |
Agregar Etiqueta
Sin Etiquetas, Sea el primero en etiquetar este registro!
|
| LEADER | 00966nam a22002175a 4500 | ||
|---|---|---|---|
| 001 | CEM.cems007575 | ||
| 005 | 20060214000000.0 | ||
| 008 | 130507s1993##################000#0#####d | ||
| 003 | CEMS | ||
| 082 | 0 | 4 | |a 370.982 |
| 100 | 1 | |a Imaz, José Luis De | |
| 245 | 1 | 0 | |a Informe blanco sobre el sistema educativo argentino / |
| 260 | |a Buenos Aires : |b Fundación Banco de Boston, |c 1993 | ||
| 300 | |a 317 p. | ||
| 505 | 0 | |a La demanda educativa. La oferta de bienes y servicios. Presupuestos. Econom¡a, sociedad y educaci¢n. El meollo: La escuela secundaria y los docentes de los secundarios. La descentralizaci¢n hasta la comunidad escolar. El management y la participaci¢n privada. Proyecto de Ley sobre el sistema universitario. Recomendaciónes.- | |
| 653 | |a Educacion | ||
| 653 | |a Educacion argentina | ||
| 653 | |a Sistema educativo argentino | ||
| 700 | 1 | |a Aurnheimer, Juan Carlos | |
| 700 | 1 | |a Paz, Antonio | |
| 859 | |a CEMS |b BIB. CEMS - 11 de abril |h 370.982 |i Im1 |p 84.99 |t Ej.1 | ||
